| 000 | 00441cam a2200181 4500 | ||
|---|---|---|---|
| 001 | D13723 | ||
| 008 | 090401t1958 xxu||||| |||| 00| 0 eng d | ||
| 035 | _a(Sirsi) u11308 | ||
| 041 | _aeng | ||
| 100 | _aRippon, G. | ||
| 245 | 4 | _aThe Landlord & Tenant (Temporary Provinsion) Act, 1958 | |
| 260 |
_aLondon _bEstates Gazette _c1958 |
||
| 350 | _a0 | ||
| 520 | _aShelf 134 | ||
| 700 | _aTelling, A.E. | ||
| 942 | _n0 | ||
| 948 | _c04/03/1997 | ||
| 999 |
_c86849 _d86849 |
||